Countries Closest to United States by Name Length - Statistics

General Stats
  • This quiz has been taken 105 times
  • The average score is 7 of 10
Answer Stats
Letters Countries % Correct
6 Canada
96%
6 Mexico
96%
4 Cuba
94%
5 Haiti
83%
7 Bahamas
77%
9 Guatemala
76%
8 Honduras
61%
10 El Salvador
51%
11 Netherlands
16%
12 Guinea-Bissau
11%
No matching quizzes found
Score Distribution
Percent of People with Each Score
Percentile by Number Answered
Your Score History
You have not taken this quiz